000 00347nam a2200145Ia 4500
008 150201s2005 xx 000 0 und d
082 _a617.525
_bO2005F
100 _aFONSECA
245 _aORAL & MAXILLOFACIAL TRAUMA
250 _a4TH
260 _bSAUNDERS
_aPHILADELPHIA
_c2005
300 _a1-1170
650 _aORAL SURGERY
942 _2ddc
_cBK
999 _c3161
_d3161